<?xml version="1.0" encoding="UTF-8"?>
<record
    xmlns:xsi="http://www.w3.org/2001/XMLSchema-instance"
    xsi:schemaLocation="http://www.loc.gov/MARC21/slim http://www.loc.gov/standards/marcxml/schema/MARC21slim.xsd"
    xmlns="http://www.loc.gov/MARC21/slim">

  <leader>04166nam a2200709 a 4500</leader>
  <controlfield tag="008">220826e2007    a  a||||r|||| 001 0 spa d</controlfield>
  <datafield tag="020" ind1=" " ind2=" ">
    <subfield code="a">9500602512</subfield>
  </datafield>
  <datafield tag="041" ind1=" " ind2=" ">
    <subfield code="a">spa</subfield>
  </datafield>
  <datafield tag="092" ind1=" " ind2=" ">
    <subfield code="c">618.19 </subfield>
    <subfield code="l">7</subfield>
    <subfield code="s">BLA</subfield>
  </datafield>
  <datafield tag="245" ind1="3" ind2=" ">
    <subfield code="a">La mama. Manejo multidisciplinario de las enfermedades benignas y malignas.</subfield>
    <subfield code="b">T.1 /</subfield>
    <subfield code="c">Kirby I. Bland</subfield>
  </datafield>
  <datafield tag="250" ind1=" " ind2=" ">
    <subfield code="a">3a ed. </subfield>
    <subfield code="b">Traducci&#xF3;n Silvia Rondinone ; Patricia Arce ; Silvia Cwi ; Adriana Latr&#xF3;nico ; Velia Lobbe ; Gustavo Mezzano ; Ubaldo Patrone y Karina Tzal</subfield>
  </datafield>
  <datafield tag="260" ind1=" " ind2=" ">
    <subfield code="a">Buenos Aires;</subfield>
    <subfield code="b">Editorial M&#xE9;dica Panamericana;</subfield>
    <subfield code="c">2007.</subfield>
  </datafield>
  <datafield tag="300" ind1=" " ind2=" ">
    <subfield code="a">1-879 p.</subfield>
    <subfield code="b">28x20 cm.</subfield>
  </datafield>
  <datafield tag="500" ind1=" " ind2=" ">
    <subfield code="a">Bland, K. I. (Dir.). et al. (2007). La mama. Manejo multidisciplinario de las enfermedades benignas y malignas. T.1 (3a ed.). Buenos Aires : Editorial M&#xE9;dica Panamericana.</subfield>
  </datafield>
  <datafield tag="653" ind1=" " ind2=" ">
    <subfield code="a">Historia del tratamiento del c&#xE1;ncer de mama</subfield>
  </datafield>
  <datafield tag="653" ind1=" " ind2=" ">
    <subfield code="a">Anatomia de la mama, axila, la pared tor&#xE1;cica y otros sitios de met&#xE1;stasis</subfield>
  </datafield>
  <datafield tag="653" ind1=" " ind2=" ">
    <subfield code="a">Fisiologia mamaria: funcionamiento y desarrollo normal y anormal</subfield>
  </datafield>
  <datafield tag="653" ind1=" " ind2=" ">
    <subfield code="a">P&#xE9;rdidas y secreciones del pez&#xF3;n</subfield>
  </datafield>
  <datafield tag="653" ind1=" " ind2=" ">
    <subfield code="a">Lesiones benignas y premalignas</subfield>
  </datafield>
  <datafield tag="653" ind1=" " ind2=" ">
    <subfield code="a">Absceso mamario subareolar: el pen&#xFA;ltimo estadio de la secuencia de enfermedad inflamatoria mamaria asociada con los conductos.</subfield>
  </datafield>
  <datafield tag="653" ind1=" " ind2=" ">
    <subfield code="a">Ginecomastia</subfield>
  </datafield>
  <datafield tag="653" ind1=" " ind2=" ">
    <subfield code="a">Anatomia patologica de las lesiones benignas y premalignas</subfield>
  </datafield>
  <datafield tag="653" ind1=" " ind2=" ">
    <subfield code="a">Lesiones mamarias benignas, de alto riesgo y premalignas</subfield>
  </datafield>
  <datafield tag="653" ind1=" " ind2=" ">
    <subfield code="a">Trastornos cong&#xE9;nitos y adquiridos del desarrollo y el crecimiento mamarios</subfield>
  </datafield>
  <datafield tag="653" ind1=" " ind2=" ">
    <subfield code="a">Evaluaci&#xF3;n y tratamiento de los trastornos benignos de la mama</subfield>
  </datafield>
  <datafield tag="653" ind1=" " ind2=" ">
    <subfield code="a">Etiolog&#xED;a y tratamiendo del dolor mamario</subfield>
  </datafield>
  <datafield tag="653" ind1=" " ind2=" ">
    <subfield code="a">Carcinomas in situ de mama, enfermedad de Paget, carcinoma lobulillar in situ</subfield>
  </datafield>
  <datafield tag="653" ind1=" " ind2=" ">
    <subfield code="a">Neoplasias malignas de la mama: carcinomas infiltrantes</subfield>
  </datafield>
  <datafield tag="653" ind1=" " ind2=" ">
    <subfield code="a">Extensi&#xF3;n y multicentricidad de los carcinomas in situ e invasor</subfield>
  </datafield>
  <datafield tag="653" ind1=" " ind2=" ">
    <subfield code="a">Sarcoma y linfoma mamario</subfield>
  </datafield>
  <datafield tag="653" ind1=" " ind2=" ">
    <subfield code="a">Neoplasias epiteliales y enfermedades dermatol&#xF3;gicas</subfield>
  </datafield>
  <datafield tag="653" ind1=" " ind2=" ">
    <subfield code="a">Epidemiologia del c&#xE1;ncer de mama</subfield>
  </datafield>
  <datafield tag="653" ind1=" " ind2=" ">
    <subfield code="a">Prevenci&#xF3;n primaria del c&#xE1;ncer de mama</subfield>
  </datafield>
  <datafield tag="653" ind1=" " ind2=" ">
    <subfield code="a">Gen&#xE9;tica del c&#xE1;ncer de mama: heterogeneidad, gen&#xE9;tica molecular, diagn&#xF3;stico del s&#xED;ndrome y asesoramiento gen&#xE9;tico</subfield>
  </datafield>
  <datafield tag="653" ind1=" " ind2=" ">
    <subfield code="a">Patrones de recidiva en el c&#xE1;ncer de mama</subfield>
  </datafield>
  <datafield tag="653" ind1=" " ind2=" ">
    <subfield code="a">Determinaci&#xF3;n y designaci&#xF3;n del estadio del c&#xE1;ncer de mama </subfield>
  </datafield>
  <datafield tag="653" ind1=" " ind2=" ">
    <subfield code="a">Factores pron&#xF3;sticos establecidos por la cl&#xED;nica para el c&#xE1;ncer de mama</subfield>
  </datafield>
  <datafield tag="653" ind1=" " ind2=" ">
    <subfield code="a">Factores pron&#xF3;sticos moleculares para el carcinoma de mama en mujeres con enfermedad mamaria proliferativa</subfield>
  </datafield>
  <datafield tag="653" ind1=" " ind2=" ">
    <subfield code="a">Receptores para hormonas esteroides</subfield>
  </datafield>
  <datafield tag="653" ind1=" " ind2=" ">
    <subfield code="a">Oncolog&#xED;a molecular del c&#xE1;ncer de mama</subfield>
  </datafield>
  <datafield tag="653" ind1=" " ind2=" ">
    <subfield code="a">Conceptos y mecanismos de las met&#xE1;stasis del c&#xE1;ncer de mama</subfield>
  </datafield>
  <datafield tag="653" ind1=" " ind2=" ">
    <subfield code="a">Terapia g&#xE9;nica en el c&#xE1;ncer de mama</subfield>
  </datafield>
  <datafield tag="653" ind1=" " ind2=" ">
    <subfield code="a">Angiog&#xE9;nesis en el c&#xE1;ncer de mama</subfield>
  </datafield>
  <datafield tag="653" ind1=" " ind2=" ">
    <subfield code="a">Inmunologia y papel de la inmunoterapia en el c&#xE1;ncer de mama</subfield>
  </datafield>
  <datafield tag="653" ind1=" " ind2=" ">
    <subfield code="a">T&#xE9;cnicas de examen: papeles desempe&#xF1;ados por el m&#xE9;dico y la paciente en la evaluaci&#xF3;n de las enfermedades mamarias</subfield>
  </datafield>
  <datafield tag="653" ind1=" " ind2=" ">
    <subfield code="a">Estudios diagn&#xF3;sticos por im&#xE1;genes de la mama</subfield>
  </datafield>
  <datafield tag="653" ind1=" " ind2=" ">
    <subfield code="a">Cin&#xE9;tica del crecimiento neopl&#xE1;stico y c&#xE1;ncer de mama del intervalo</subfield>
  </datafield>
  <datafield tag="653" ind1=" " ind2=" ">
    <subfield code="a">T&#xE9;cnica esterot&#xE1;ctica para los estudios diagn&#xF3;sticos y la biopsa de la mama</subfield>
  </datafield>
  <datafield tag="653" ind1=" " ind2=" ">
    <subfield code="a">Punci&#xF3;n mamaria para obtener muestras citologicas: t&#xE9;cnicas y resultados finales</subfield>
  </datafield>
  <datafield tag="653" ind1=" " ind2=" ">
    <subfield code="a">Ductoscopia mamaria</subfield>
  </datafield>
  <datafield tag="653" ind1=" " ind2=" ">
    <subfield code="a">Planificaci&#xF3;n y conducci&#xF3;n de ensayos cl&#xED;nicos para el c&#xE1;ncer de mama</subfield>
  </datafield>
  <datafield tag="653" ind1=" " ind2=" ">
    <subfield code="a">Evoluci&#xF3;n de los principios y las t&#xE9;cnicas quir&#xFA;rgicas para el tratamiento del c&#xE1;ncer de mama</subfield>
  </datafield>
  <datafield tag="653" ind1=" " ind2=" ">
    <subfield code="a">Indicaciones y t&#xE9;cnicas de biopsia</subfield>
  </datafield>
  <datafield tag="653" ind1=" " ind2=" ">
    <subfield code="a">Principios generales de la mastectom&#xED;a: evaluaci&#xF3;n y opciones terap&#xE9;uticas</subfield>
  </datafield>
  <datafield tag="700" ind1="1" ind2=" ">
    <subfield code="a">Bland, Kirby I.</subfield>
    <subfield code="e">Dir.</subfield>
    <subfield code="9">4166</subfield>
  </datafield>
  <datafield tag="700" ind1="1" ind2=" ">
    <subfield code="a">Copeland III, Edward M.</subfield>
    <subfield code="e">Dir.</subfield>
    <subfield code="9">4167</subfield>
  </datafield>
  <datafield tag="700" ind1="1" ind2=" ">
    <subfield code="a">Davidson, Nancy E.</subfield>
    <subfield code="e">Dir. asoc.</subfield>
    <subfield code="9">4168</subfield>
  </datafield>
  <datafield tag="700" ind1="1" ind2=" ">
    <subfield code="a">Page, David L.</subfield>
    <subfield code="e">Dir. asoc.</subfield>
    <subfield code="9">4169</subfield>
  </datafield>
  <datafield tag="700" ind1="1" ind2=" ">
    <subfield code="a">Recht, Abram</subfield>
    <subfield code="e">Dir. asoc.</subfield>
    <subfield code="9">4170</subfield>
  </datafield>
  <datafield tag="700" ind1="1" ind2=" ">
    <subfield code="a">Urist, Marshall M.</subfield>
    <subfield code="e">Dir. asoc.</subfield>
    <subfield code="9">4171</subfield>
  </datafield>
  <datafield tag="942" ind1=" " ind2=" ">
    <subfield code="2">ddc</subfield>
    <subfield code="c">BK</subfield>
  </datafield>
  <datafield tag="999" ind1=" " ind2=" ">
    <subfield code="c">3139</subfield>
    <subfield code="d">3139</subfield>
  </datafield>
  <datafield tag="952" ind1=" " ind2=" ">
    <subfield code="0">0</subfield>
    <subfield code="1">0</subfield>
    <subfield code="2">ddc</subfield>
    <subfield code="4">0</subfield>
    <subfield code="7">0</subfield>
    <subfield code="a">BFM</subfield>
    <subfield code="b">BFM</subfield>
    <subfield code="c">CR</subfield>
    <subfield code="d">2022-08-26</subfield>
    <subfield code="e">Donaci&#xF3;n de Leonardo Orellana Kittsteiner, agosto 2022</subfield>
    <subfield code="l">1</subfield>
    <subfield code="m">3</subfield>
    <subfield code="o">618.19 7 BLA</subfield>
    <subfield code="p">4779</subfield>
    <subfield code="r">2022-09-29</subfield>
    <subfield code="s">2022-09-13</subfield>
    <subfield code="w">2022-08-26</subfield>
    <subfield code="y">BK</subfield>
    <subfield code="z">Donaci&#xF3;n de Leonardo Orellana Kittsteiner, agosto 2022.</subfield>
    <subfield code="f"></subfield>
  </datafield>
</record>
